000 00506nam a2200181Ia 4500
003 GCL
008 140319s9999 xx 000 0 ara d
040 _aGCL /
_cGCL
082 0 4 _a227.6
_bد ن
100 1 _aزينب الغزالى
245 1 0 _aنظرات فى كتاب الله /
_cزينب الغزالى
700 1 _aعبدالحى الفرماوى
300 _a711 ص
490 _a100 قصة
_v0
650 0 4 _aتفسير القران الكريم
650 0 4 _aالقران
942 _2ddc
_cBK
999 _c44970
_d44970